Evaluation of Bleeding on Brushing Among a group of Egyptian Children after Using Azadirachta Indica (Neem Extract) Mouthwash Versus Chlorhexidine Mouthwash : (رقم التسجيلة. 180690)

تفاصيل مارك
000 -LEADER
fixed length control field 03652namaa22004091i 4500
003 - CONTROL NUMBER IDENTIFIER
control field EG-GICUC
005 - أخر تعامل مع التسجيلة
control field 20260704151307.0
008 - FIXED-LENGTH DATA ELEMENTS--GENERAL INFORMATION
fixed length control field 260704s2019 ua a|||frm||| 000 0 eng d
040 ## - CATALOGING SOURCE
Original cataloguing agency EG-GICUC
Language of cataloging eng
Transcribing agency EG-GICUC
Modifying agency EG-GICUC
Description conventions rda
041 0# - LANGUAGE CODE
Language code of text/sound track or separate title eng
Language code of summary or abstract eng
-- ara
049 ## - Acquisition Source
Acquisition Source Deposit
082 04 - DEWEY DECIMAL CLASSIFICATION NUMBER
Classification number 610
092 ## - LOCALLY ASSIGNED DEWEY CALL NUMBER (OCLC)
Classification number 610
Edition number 21
097 ## - Degree
Degree M.Sc
099 ## - LOCAL FREE-TEXT CALL NUMBER (OCLC)
Local Call Number Cai01.09.07.M.Sc.2019.Sa.E
100 0# - MAIN ENTRY--PERSONAL NAME
Authority record control number or standard number Samar Sherif Ali Mostafa,
Preparation preparation.
245 10 - TITLE STATEMENT
Title Evaluation of Bleeding on Brushing Among a group of Egyptian Children after Using Azadirachta Indica (Neem Extract) Mouthwash Versus Chlorhexidine Mouthwash :
Remainder of title A Randomized Controlled Trial /
Statement of responsibility, etc. by Samar Sherif Ali Mostafa ; Supervised Prof.Dr. Sherif Bahgat Eltawil, Prof.Dr.Sara Ahmed Mahmoud.
246 15 - VARYING FORM OF TITLE
Title proper/short title تقييم النزيف مع استخدام فرشاة الأسنان بين مجموعة من الأطفال المصريين بعد استخدام غسول الفم أزاديراختا (مستخرج النيم)مقابل غسول الفم الكلورهيكسيدين :
Remainder of title تجربة عشوائية ضابطة
264 #0 - PRODUCTION, PUBLICATION, DISTRIBUTION, MANUFACTURE, AND COPYRIGHT NOTICE
Date of production, publication, distribution, manufacture, or copyright notice 2019.
300 ## - PHYSICAL DESCRIPTION
Extent 118 p. :
Other physical details illustrations ;
Dimensions 25 cm. +
Accompanying material CD.
336 ## - CONTENT TYPE
Content type term text
Source rda content
337 ## - MEDIA TYPE
Media type term Unmediated
Source rdamedia
338 ## - CARRIER TYPE
Carrier type term volume
Source rdacarrier
502 ## - DISSERTATION NOTE
Dissertation note Thesis (M.Sc.)-Cairo University - Faculty of Oral and Dental Medicine - Department of Pediatric Dentistry and Dental Public Health
504 ## - BIBLIOGRAPHY, ETC. NOTE
Bibliography, etc. note Bibliography: p. 95-104.
520 #3 - SUMMARY, ETC.
Summary, etc. Objective: This study was carried out to evaluate the bleeding on brushing among a group<br/>of Egyptian children after using Azadirachta Indica (Neem extract) mouthwash versus<br/>Chlorhexidine mouthwash.<br/>Participants and Method: Ninety six healthy children aged from 8-10 years old were<br/>selected from the clinic of Pediatric Dentistry and Dental Public Health Department,<br/>Faculty of Dentistry, Cairo University after obtaining a written consent from their guardians<br/>and clearance from the Ethical Committee. The children included in this study suffered<br/>from bleeding on brushing and probing, change in color of gingiva due to inflammation and<br/>no edema. They were randomly divided into two groups, group (A): forty eight children<br/>used 0.125% chlorhexidine mouthwash and group (B): forty eight children used 2% neem<br/>extract mouthwash.<br/>Results: The results showed that the effect of Neem extract mouthwash and 0.125%<br/>Chlorhexidine mouthwash on reducing gingival bleeding were statistically significant .<br/>Besides, the results also showed that there was no a statistical significant difference (pvalue=1) between the two mouthwashes regarding their effects on gingival bleeding on<br/>brushing.<br/>Conclusion: Despite the limitation of our study, this study concluded that: Neem extract<br/>mouthwash was effective in controlling gingival bleeding on brushing . Neem extract<br/>mouthwash had a higher efficacy than Chlorhexidine mouthwash in decreasing sulcus<br/>bleeding index scores in a group of Egyptian children . Neem extract mouthwash could be<br/>very good cost-effective alternative to Chlorhexidine mouthwash with less side-effects
530 ## - ADDITIONAL PHYSICAL FORM AVAILABLE NOTE
Issues CD Issues also as CD.
546 ## - LANGUAGE NOTE
Text Language Text in English and abstract in Arabic & English.
650 #0 - SUBJECT ADDED ENTRY--TOPICAL TERM
Topical term or geographic name entry element Dentistry
653 #1 - INDEX TERM--UNCONTROLLED
Uncontrolled term Bleeding on Brushing
700 0# - ADDED ENTRY--PERSONAL NAME
Personal name Sherif Bahgat Eltawil
Relator term thesis advisor.
700 0# - ADDED ENTRY--PERSONAL NAME
Personal name Sara Ahmed Mahmoud
Relator term thesis advisor.
900 ## - Thesis Information
Grant date 01-01-2019
Supervisory body Sherif Bahgat Eltawil
-- Sara Ahmed Mahmoud
Universities Cairo University
Faculties Faculty of Oral and Dental Medicine
Department Department of Pediatric Dentistry and Dental Public Health
905 ## - Cataloger and Reviser Names
Cataloger Name Shimaa
942 ## - ADDED ENTRY ELEMENTS (KOHA)
Source of classification or shelving scheme Dewey Decimal Classification
Koha item type Thesis
Edition 21
Suppress in OPAC No
المقتنيات
Source of classification or shelving scheme Home library Current library Date acquired Inventory number Full call number Barcode Date last seen Effective from Koha item type
Dewey Decimal Classification المكتبة المركزبة الجديدة - جامعة القاهرة قاعة الرسائل الجامعية - الدور الاول 04.07.2026 85953 Cai01.09.07.M.Sc.2019.Sa.E 01010110085953000 04.07.2026 04.07.2026 Thesis
Cairo University Libraries Portal Implemented & Customized by: Eng. M. Mohamady Contacts: new-lib@cl.cu.edu.eg | cnul@cl.cu.edu.eg
CUCL logo CNUL logo
© All rights reserved — Cairo University Libraries
CUCL logo
Implemented & Customized by: Eng. M. Mohamady Contact: new-lib@cl.cu.edu.eg © All rights reserved — New Central Library
CNUL logo
Implemented & Customized by: Eng. M. Mohamady Contact: cnul@cl.cu.edu.eg © All rights reserved — Cairo National University Library